| 000 | 00608nac a22002057a 4500 | ||
|---|---|---|---|
| 003 | OSt | ||
| 005 | 20230426084921.0 | ||
| 008 | 230426b |||||||| |||| 00| 0 eng d | ||
| 020 | _a9781680956955 | ||
| 040 | _cDDC | ||
| 082 |
_a004.6782 _bC647 2017 |
||
| 110 | _a3G E-Learning | ||
| 245 |
_aCloud computing/ _c3G E-Learning.-- |
||
| 260 |
_aUSA: _b3G E-Learning, _cc2017 |
||
| 300 |
_axii, 226: _bcolor illustration; _c26cm. |
||
| 504 | _aInclude index. | ||
| 520 | _bExplains what cloud computing is and how this new technology is being used to make lives easier. | ||
| 521 | _aBSCS, BSIT | ||
| 942 |
_2ddc _cBK _n0 |
||
| 999 |
_c3 _d3 |
||